| 000 | 00332nam a22001337a 4500 | ||
|---|---|---|---|
| 020 | _qPB. | ||
| 040 | _cFIZZA ISHAQ | ||
| 082 |
_a624.1771 _bFRA |
||
| 100 |
_aCHING,FRANK. _926090 |
||
| 245 |
_aBUILDING CONSTRUCTION ILLUSTRATED / _cFRANK CHING. |
||
| 260 |
_aNEW YORK ; _bWILEY SON, _c2014. |
||
| 300 | _a122 P. ; | ||
| 942 |
_2ddc _cBK |
||
| 999 |
_c589479 _d589479 |
||